000 00883nam a22002177a 4500
005 20240829154108.0
008 240829s2024 xxk|||||ou||| 00| 0 eng d
110 _aConstruction Leadership Council
_96319
245 _aDelivering the golden thread:
_bguidance for dutyholders and accountable persons
260 _bConstruction Leadership Council,
_cAugust 2024
300 _a85p.
520 _aGuidance for dutyholders and accountable persons on delivering the golden thread for higher-risk buildings
650 _aBUILDING SAFETY ACT 2022
650 _aCONSTRUCTION
650 _aFIRE SAFETY
650 _aHIGHER-RISK BUILDINGS
651 _aGOLDEN THREAD OF INFORMATION
690 _aBuilding control
_96222
856 _uhttps://www.constructionleadershipcouncil.co.uk/wp-content/uploads/2024/08/CLC-Golden-Thread-Guidance.pdf
_zAvailable from the CLC
942 _2ddc
999 _c121987
_d121987